00888nam a2200229 a 450000100100000000500170001000800410002704000250006808200190009310000330011224500980014526000340024330000280027749000720030549000270037750000360040450400410044065000330048171000440051483000730055883000270063100001628920240307073946.0100303s1984 dr a 001 0 spa d aDO-SdBNPbspacBNPHU a070.594bP797p1 aPuig de González, Sulamita13aLa política editorial de la UASD :bfundamento y práctica /cSulamita Puig de González. aSanto Domingo :bUASD,c1984. a138 p. :bil. ;c21 cm.0 aPublicaciones de la universidad autónoma de Santo Domingovv. 3350 aUasd críticavno. 28 aIncluye nota al pie de página aIncluye bibliografías [p. 137-138} 4aPublicaciones universitarias1 aUniversidad Autónoma de Santo Domingo aPubliacaciones de la Universidad Autónoma de Santo Domingovv. 335 0aUasd críticavno. 28